[Event "Zonal Oceania 2009"]
[Site "Tweed Heads AUS"]
[Date "2009.06.21"]
[Round "4.25"]
[White "Encel, Benjamin"]
[Black "Weller, Tony"]
[Result "0-1"]
[WhiteElo "1838"]
[BlackElo "1987"]
[PlyCount "80"]
[EventDate "2009.06.20"]
[EventType "swiss"]
[EventRounds "9"]
[EventCountry "AUS"]
[Source "lmi"]
[SourceDate "2009.06.20"]

1. e4 c5 2. Nc3 Nc6 3. f4 e6 4. Nf3 d5 5. Bb5 a6 6. Bxc6+ bxc6 7. O-O Bd6 8. d3
Ne7 9. Qe1 O-O 10. Qf2 Ng6 11. g3 d4 12. Ne2 Qb6 13. h4 h5 14. Nd2 Ne7 15. Nc4
Qd8 16. Qf3 g6 17. Nxd6 Qxd6 18. g4 hxg4 19. Qxg4 f5 20. exf5 exf5 21. Qh3 Kf7
22. Kf2 Be6 23. Ng1 Bd5 24. Ne2 Rh8 25. c4 dxc3 26. Nxc3 Qf6 27. Kg3 Rh7 28.
Rf2 Rah8 29. Rh2 Qd4 30. Nxd5 cxd5 31. Kg2 Rxh4 32. Qxh4 Rxh4 33. Rxh4 Qxd3 34.
Rh3 Qe2+ 35. Kg1 d4 36. b3 Nd5 37. Rh2 Qd1+ 38. Kf2 Ne3 39. Bb2 Ng4+ 40. Kg3
Qd3+ 0-1

[Event "Zonal Oceania 2009"]
[Site "Tweed Heads AUS"]
[Date "2009.06.21"]
[Round "4.26"]
[White "Milligan, Helen"]
[Black "Sannidhanam, Anurag"]
[Result "1-0"]
[WhiteElo "1985"]
[BlackElo "1705"]
[PlyCount "39"]
[EventDate "2009.06.20"]
[EventType "swiss"]
[EventRounds "9"]
[EventCountry "AUS"]
[Source "lmi"]
[SourceDate "2009.06.20"]

1. e4 g6 2. d4 Bg7 3. Nf3 d6 4. Be2 a6 5. a4 Nd7 6. Nc3 e6 7. Be3 Ne7 8. Qd2 b6
9. Bh6 O-O 10. h4 Bb7 11. h5 Nf6 12. Bxg7 Kxg7 13. hxg6 fxg6 14. Qh6+ Kg8 15.
Ng5 Rf7 16. Nxf7 Kxf7 17. Qf4 Neg8 18. e5 Bxg2 19. Rxh7+ Ke8 20. exf6 1-0

[Event "Zonal Oceania 2009"]
[Site "Tweed Heads AUS"]
[Date "2009.06.21"]
[Round "4.30"]
[White "Searle, Zachary"]
[Black "Grigg, Sam"]
[Result "0-1"]
[WhiteElo "1791"]
[BlackElo "1927"]
[PlyCount "42"]
[EventDate "2009.06.20"]
[EventType "swiss"]
[EventRounds "9"]
[EventCountry "AUS"]
[Source "lmi"]
[SourceDate "2009.06.20"]

1. e4 c5 2. Nf3 Nc6 3. d4 cxd4 4. Nxd4 Nf6 5. Nc3 e5 6. Ndb5 d6 7. Bg5 a6 8.
Na3 b5 9. Nd5 Be7 10. Bxf6 Bxf6 11. c3 O-O 12. Nc2 Bg5 13. a4 bxa4 14. Rxa4 a5
15. Bc4 Kh8 16. Nce3 Bxe3 17. Nxe3 Ne7 18. O-O f5 19. f3 Qb6 20. Kh1 Qxe3 21.
Qxd6 Ng6 0-1

[Event "Zonal Oceania 2009"]
[Site "Tweed Heads AUS"]
[Date "2009.06.21"]
[Round "4.32"]
[White "Norris, Damian"]
[Black "Rachmadi, Herman"]
[Result "0-1"]
[WhiteElo "2142"]
[BlackElo "1842"]
[PlyCount "100"]
[EventDate "2009.06.20"]
[EventType "swiss"]
[EventRounds "9"]
[EventCountry "AUS"]
[Source "lmi"]
[SourceDate "2009.06.20"]

1. e4 c5 2. Nf3 d6 3. d4 cxd4 4. Nxd4 Nf6 5. Nc3 a6 6. Bd3 e6 7. f4 Qc7 8. Be3
Nbd7 9. Nb3 b5 10. a3 Bb7 11. O-O Rc8 12. Rc1 Be7 13. Qe2 O-O 14. Bf2 Nc5 15.
Nxc5 dxc5 16. e5 c4 17. Be4 Nxe4 18. Nxe4 Bxe4 19. Qxe4 c3 20. b3 Bxa3 21. Ra1
Qe7 22. Kh1 Rfd8 23. Rfb1 Rd5 24. b4 Rc4 25. Qe3 Rxb4 26. Qxc3 Rxb1+ 27. Rxb1
Bc5 28. Bg3 h6 29. h4 Qb7 30. Qf3 Rd7 31. Qxb7 Rxb7 32. Ra1 Ra7 33. Be1 b4 34.
Ra5 Bb6 35. Ra4 a5 36. Kh2 Rc7 37. Ra2 Rc4 38. Bd2 g6 39. Kg3 h5 40. Kf3 Kf8
41. Ke2 Ke7 42. Kd3 Rd4+ 43. Ke2 Kd7 44. g3 Kc6 45. c3 bxc3 46. Bxc3 Re4+ 47.
Kd1 a4 48. Rd2 Bc5 49. Re2 Rc4 50. Kd2 Bb4 0-1

[Event "Zonal Oceania 2009"]
[Site "Tweed Heads AUS"]
[Date "2009.06.21"]
[Round "4.34"]
[White "Egan, Bill"]
[Black "Canfell, Mike"]
[Result "1-0"]
[WhiteElo "1795"]
[BlackElo "1932"]
[PlyCount "93"]
[EventDate "2009.06.20"]
[EventType "swiss"]
[EventRounds "9"]
[EventCountry "AUS"]
[Source "lmi"]
[SourceDate "2009.06.20"]

1. d4 Nf6 2. c4 g6 3. Nc3 Bg7 4. e4 d6 5. Be2 O-O 6. Bg5 Na6 7. Qd2 e5 8. d5
Qe8 9. f3 Nd7 10. h4 f5 11. exf5 gxf5 12. h5 Kh8 13. O-O-O Bf6 14. f4 Rg8 15.
h6 Qe7 16. Bxf6+ Nxf6 17. fxe5 dxe5 18. d6 cxd6 19. Qxd6 Qxd6 20. Rxd6 Rf8 21.
Nf3 Ng4 22. Rhd1 Nc5 23. Ng5 Ne3 24. Rd8 Be6 25. Rxa8 Rxa8 26. Nxe6 Nxe6 27.
Rd6 Nd4 28. Rd7 Nxg2 29. Rxb7 Rf8 30. Kd2 e4 31. Bf1 Nh4 32. b4 Nhf3+ 33. Kd1
Nh2 34. Ne2 Ndf3 35. Bg2 Rd8+ 36. Kc1 Ne1 37. Nf4 Ng4 38. Bh3 Nxh6 39. c5 Nd3+
40. Nxd3 Rxd3 41. Bf1 Rf3 42. Be2 Ra3 43. b5 Rc3+ 44. Kd2 Rxc5 45. Rxa7 f4 46.
b6 f3 47. b7 1-0

[Event "Zonal Oceania 2009"]
[Site "Tweed Heads AUS"]
[Date "2009.06.22"]
[Round "5.1"]
[White "Bjelobrk, Igor"]
[Black "Smerdon, David"]
[Result "1-0"]
[WhiteElo "2332"]
[BlackElo "2489"]
[PlyCount "73"]
[EventDate "2009.06.20"]
[EventType "swiss"]
[EventRounds "9"]
[EventCountry "AUS"]
[Source "lmi"]
[SourceDate "2009.06.20"]

1. Nf3 Nf6 2. c4 e6 3. g3 d5 4. Bg2 dxc4 5. Qa4+ Nbd7 6. Qxc4 a6 7. O-O b5 8.
Qc2 Bb7 9. d3 c5 10. Nc3 Be7 11. a4 Qb6 12. axb5 axb5 13. Rxa8+ Bxa8 14. Qb3 b4
15. Nd1 Bd5 16. Qc2 O-O 17. Ne3 Bc6 18. Nd2 Nd5 19. Nec4 Qa6 20. e4 Nc7 21. Nf3
Qa2 22. Be3 Ra8 23. Rc1 Ba4 24. Qe2 Nb5 25. Nfd2 Bb3 26. e5 Ra7 27. Nxb3 Qxb3
28. Bc6 Nd4 29. Bxd4 cxd4 30. Bxd7 Rxd7 31. Nb6 Rd8 32. Rc7 Kf8 33. Qf3 Qxb2
34. Nc8 f5 35. Nxe7 Qa1+ 36. Kg2 Qa5 37. Rb7 1-0

[Event "Zonal Oceania 2009"]
[Site "Tweed Heads AUS"]
[Date "2009.06.22"]
[Round "5.2"]
[White "Zhao, Zong Yuan"]
[Black "Xie, George"]
[Result "1/2-1/2"]
[WhiteElo "2583"]
[BlackElo "2402"]
[PlyCount "89"]
[EventDate "2009.06.20"]
[EventType "swiss"]
[EventRounds "9"]
[EventCountry "AUS"]
[Source "lmi"]
[SourceDate "2009.06.20"]

1. e4 c5 2. Nf3 e6 3. d4 cxd4 4. Nxd4 Nf6 5. Nc3 Nc6 6. Ndb5 Bb4 7. a3 Bxc3+ 8.
Nxc3 d5 9. exd5 exd5 10. Bd3 O-O 11. O-O d4 12. Ne2 Bg4 13. Bg5 Qd6 14. Qd2
Bxe2 15. Bf4 Qd5 16. Bxe2 Rac8 17. Rad1 Rfe8 18. Bf3 Qf5 19. Rfe1 Ne4 20. Qd3
Qxf4 21. Rxe4 Rxe4 22. Qxe4 Qf6 23. Re1 g6 24. b4 a6 25. Qd5 Kg7 26. Qd7 Rb8
27. Qc7 Qd8 28. Qxd8 Rxd8 29. Rd1 Kf6 30. Kf1 Rc8 31. Ke1 Rc7 32. Bd5 Ke5 33.
Bb3 b5 34. Kd2 a5 35. Re1+ Kd6 36. Re4 axb4 37. axb4 Nxb4 38. Rxd4+ Kc5 39. Rd8
Nc6 40. Rd5+ Kb6 41. Rd6 Kc5 42. Rd5+ Kb6 43. Rd6 Kc5 44. Rd5+ Kb6 45. Rd6
1/2-1/2

[Event "Zonal Oceania 2009"]
[Site "Tweed Heads AUS"]
[Date "2009.06.22"]
[Round "5.4"]
[White "Solomon, Stephen"]
[Black "Rej, Tomek"]
[Result "0-1"]
[WhiteElo "2455"]
[BlackElo "2308"]
[PlyCount "150"]
[EventDate "2009.06.20"]
[EventType "swiss"]
[EventRounds "9"]
[EventCountry "AUS"]
[Source "lmi"]
[SourceDate "2009.06.20"]

1. e4 e5 2. Nf3 Nc6 3. Bb5 a6 4. Ba4 Nf6 5. O-O Bc5 6. Nxe5 Nxe5 7. d4 Nxe4 8.
Re1 Be7 9. Rxe4 Ng6 10. Nc3 O-O 11. Qh5 c6 12. d5 b5 13. Bb3 c5 14. d6 Bxd6 15.
Bg5 Qb6 16. Bd5 Bb7 17. Rd1 Rae8 18. Qe2 Re5 19. f4 c4+ 20. Kh1 Rxe4 21. Qxe4
Bxd5 22. Nxd5 Qb8 23. f5 Re8 24. Qd4 Ne7 25. Ne3 f6 26. Bh4 Bf4 27. Ng4 Qd6 28.
Qg1 Qc6 29. Qf2 Bc7 30. Re1 d5 31. c3 Qd7 32. Re6 Nc6 33. Rxe8+ Qxe8 34. Qf3
Qe4 35. Qxe4 dxe4 36. Bf2 Ne7 37. Ne3 Bb6 38. g4 Bxe3 39. Bxe3 Nd5 40. Bd4 Kf7
41. Kg2 g6 42. Kg3 gxf5 43. gxf5 Ke7 44. Kg4 Kd6 45. h4 a5 46. a3 Kc6 47. Kh5
e3 48. Kh6 Ne7 49. Kxh7 Nxf5 50. Bxe3 Nxe3 51. h5 Kd6 52. Kg6 Ke7 53. h6 Ng4
54. h7 Ne5+ 55. Kf5 Nf7 56. Ke4 Ng5+ 57. Kd5 Nxh7 58. Kc5 Ke6 59. Kxb5 Kd5 60.
Kxa5 f5 61. Kb6 f4 62. a4 f3 63. a5 f2 64. a6 f1=Q 65. a7 Qa1 66. Kb7 Qxb2+ 67.
Kc7 Qa2 68. Kb7 Qb3+ 69. Kc7 Qa4 70. Kb8 Qb5+ 71. Kc7 Qa6 72. Kb8 Qd6+ 73. Ka8
Qc6+ 74. Kb8 Kd6 75. a8=Q Qc7# 0-1

[Event "Zonal Oceania 2009"]
[Site "Tweed Heads AUS"]
[Date "2009.06.22"]
[Round "5.5"]
[White "West, Guy"]
[Black "Rujevic, Mirko"]
[Result "1-0"]
[WhiteElo "2343"]
[BlackElo "2282"]
[PlyCount "95"]
[EventDate "2009.06.20"]
[EventType "swiss"]
[EventRounds "9"]
[EventCountry "AUS"]
[Source "lmi"]
[SourceDate "2009.06.20"]

1. e4 e5 2. Nf3 Nc6 3. Bb5 a6 4. Ba4 Nf6 5. d4 exd4 6. O-O Be7 7. Re1 b5 8. Bb3
d6 9. Bd5 Nxd5 10. exd5 Ne5 11. Nxd4 O-O 12. a4 Bd7 13. f4 Bg4 14. Qd2 Nc4 15.
Qd3 Bh4 16. Rf1 Bd7 17. Nc3 Bf6 18. b3 Nb6 19. a5 Nc8 20. Ne4 Bxd4+ 21. Qxd4
Bf5 22. Ng3 Qd7 23. Bb2 f6 24. c4 bxc4 25. bxc4 Ne7 26. Rae1 Ng6 27. Re3 Rab8
28. Rfe1 Rf7 29. h3 Nf8 30. Kh2 Rb4 31. Bc3 Rb1 32. R1e2 Rc1 33. Rb2 Rc2 34.
Re2 Rxe2 35. Rxe2 Bg6 36. Rb2 Re7 37. Qa7 h5 38. Qf2 h4 39. Nf1 Qf5 40. Ne3 Qd3
41. Bd2 Qd4 42. Rb8 Bd3 43. Bc1 Qa7 44. Rd8 Re4 45. Qf3 Re7 46. Qg4 Rxe3 47.
Bxe3 Qxe3 48. Qe6+ 1-0

[Event "Zonal Oceania 2009"]
[Site "Tweed Heads AUS"]
[Date "2009.06.22"]
[Round "5.6"]
[White "Scott, Ronald"]
[Black "Canfell, Gregory"]
[Result "0-1"]
[WhiteElo "2261"]
[BlackElo "2327"]
[PlyCount "52"]
[EventDate "2009.06.20"]
[EventType "swiss"]
[EventRounds "9"]
[EventCountry "AUS"]
[Source "lmi"]
[SourceDate "2009.06.20"]

1. e4 c5 2. Nf3 e6 3. d4 cxd4 4. Nxd4 Nf6 5. Nc3 d6 6. g4 h6 7. h4 Nc6 8. Rg1
h5 9. gxh5 Rxh5 10. Bg5 Rh8 11. Qd2 a6 12. O-O-O Qb6 13. Nb3 Bd7 14. Bg2 Ne5
15. Qe2 Rc8 16. f4 Nc4 17. e5 Nh5 18. Rge1 d5 19. Nxd5 exd5 20. Bxd5 Be6 21. f5
Ng3 22. Qd3 Bxf5 23. Qxg3 Ne3 24. Bxe3 Rxc2+ 25. Kb1 Qxb3 26. axb3 Rc5+ 0-1

[Event "Zonal Oceania 2009"]
[Site "Tweed Heads AUS"]
[Date "2009.06.22"]
[Round "5.7"]
[White "Ambrus, Endre"]
[Black "Illingworth, Max"]
[Result "1-0"]
[WhiteElo "2375"]
[BlackElo "2243"]
[PlyCount "66"]
[EventDate "2009.06.20"]
[EventType "swiss"]
[EventRounds "9"]
[EventCountry "AUS"]
[Source "lmi"]
[SourceDate "2009.06.20"]

1. e4 d5 2. exd5 Nf6 3. Nf3 Nxd5 4. d4 g6 5. c4 Nb6 6. Nc3 Bg7 7. Bf4 Bg4 8. d5
O-O 9. h3 e5 10. Be3 Bxf3 11. Qxf3 f5 12. h4 e4 13. Qg3 Qd6 14. Qxd6 cxd6 15.
Bf4 Bxc3+ 16. bxc3 Rd8 17. h5 Kg7 18. hxg6 hxg6 19. g4 fxg4 20. Be2 Na6 21. Kd2
Nc5 22. Rag1 Nbd7 23. Rxg4 Nf6 24. Rg2 Kf7 25. Rh6 Rg8 26. Bxd6 b6 27. Bxc5
bxc5 28. Bg4 Kg7 29. Rh1 Rab8 30. Bf5 Rb2+ 31. Ke3 Kf8 32. Bxg6 Ke7 33. Bxe4
Rg4 1-0

[Event "Zonal Oceania 2009"]
[Site "Tweed Heads AUS"]
[Date "2009.06.22"]
[Round "5.8"]
[White "Krstev, Mario"]
[Black "Ly, Moulthun"]
[Result "0-1"]
[WhiteElo "2086"]
[BlackElo "2340"]
[PlyCount "104"]
[EventDate "2009.06.20"]
[EventType "swiss"]
[EventRounds "9"]
[EventCountry "AUS"]
[Source "lmi"]
[SourceDate "2009.06.20"]

1. d4 Nf6 2. c4 e6 3. Nc3 Bb4 4. e3 b6 5. Nf3 Bb7 6. Bd3 Ne4 7. Qc2 Bxc3+ 8.
bxc3 f5 9. Ba3 c5 10. O-O d6 11. Nd2 Nxd2 12. Qxd2 O-O 13. f3 Nc6 14. Bb2 e5
15. Qc2 Qf6 16. f4 e4 17. Be2 Na5 18. d5 Ba6 19. Qa4 Qe7 20. g4 Qe8 21. Qxe8
Raxe8 22. Bc1 Bxc4 23. Bxc4 Nxc4 24. g5 h6 25. h4 hxg5 26. hxg5 Kf7 27. a4 a6
28. Rf2 Rh8 29. Rb1 Rh3 30. Rh2 Rxh2 31. Kxh2 Rh8+ 32. Kg2 Ke7 33. Ra1 g6 34.
Ra2 Kd7 35. Ra1 Kc7 36. Ra2 Kb7 37. Ra1 Rh7 38. Rb1 Kb8 39. Ra1 b5 40. a5 Rb7
41. Kf2 Ka7 42. Ra2 Kb8 43. Kf1 Rh7 44. Kg2 b4 45. Ra4 Rb7 46. Kf1 Rb5 47. Ra2
b3 48. Rh2 Rxa5 49. Bb2 Nxb2 50. Rh6 Nc4 51. Rxg6 b2 52. Rg8+ Kb7 0-1

[Event "Zonal Oceania 2009"]
[Site "Tweed Heads AUS"]
[Date "2009.06.22"]
[Round "5.11"]
[White "Smith, Robert"]
[Black "Jones, Brian"]
[Result "1/2-1/2"]
[WhiteElo "2274"]
[BlackElo "2062"]
[PlyCount "70"]
[EventDate "2009.06.20"]
[EventType "swiss"]
[EventRounds "9"]
[EventCountry "AUS"]
[Source "lmi"]
[SourceDate "2009.06.20"]

1. d4 Nf6 2. Nf3 g6 3. g3 Bg7 4. Bg2 O-O 5. O-O d6 6. c4 Nc6 7. Nc3 a6 8. h3
Rb8 9. a4 Bf5 10. d5 Nb4 11. Nd4 Bd7 12. a5 c5 13. Nb3 Qc8 14. Kh2 b5 15. axb6
Rxb6 16. e4 e5 17. dxe6 fxe6 18. e5 Ne8 19. exd6 Rxd6 20. Qe2 Bc6 21. Ne4 Bxe4
22. Qxe4 Nd3 23. Be3 Nf6 24. Qh4 Rd7 25. Ra5 h6 26. Bxh6 Bxh6 27. Qxh6 Ng4+ 28.
hxg4 Rh7 29. Qxh7+ Kxh7 30. Kg1 e5 31. Be4 Qxg4 32. Bxd3 Rf3 33. Nxc5 Rxg3+ 34.
fxg3 Qxg3+ 35. Kh1 Qh3+ 1/2-1/2

[Event "Zonal Oceania 2009"]
[Site "Tweed Heads AUS"]
[Date "2009.06.22"]
[Round "5.13"]
[White "Oliver, Gareth"]
[Black "Spiller, Paul"]
[Result "1-0"]
[WhiteElo "2187"]
[BlackElo "2005"]
[PlyCount "49"]
[EventDate "2009.06.20"]
[EventType "swiss"]
[EventRounds "9"]
[EventCountry "AUS"]
[Source "lmi"]
[SourceDate "2009.06.20"]

1. d4 f5 2. g3 e6 3. Bg2 Nf6 4. Nh3 Be7 5. c4 O-O 6. O-O d5 7. Nd2 Nc6 8. Nf3
Ne4 9. Nf4 g5 10. cxd5 exd5 11. Nd3 Be6 12. Be3 Qe8 13. Qc1 Qh5 14. Nfe5 Nxe5
15. Nxe5 c6 16. Bf3 g4 17. Bg2 Ng5 18. Nd3 h6 19. Rb1 Bd6 20. Bf4 Be7 21. b4
Rae8 22. b5 cxb5 23. Rxb5 Bf6 24. Be3 Rc8 25. Qb2 1-0

[Event "Zonal Oceania 2009"]
[Site "Tweed Heads AUS"]
[Date "2009.06.22"]
[Round "5.14"]
[White "Stevens, Tristan"]
[Black "Schon, Eugene"]
[Result "0-1"]
[WhiteElo "2006"]
[BlackElo "2186"]
[PlyCount "98"]
[EventDate "2009.06.20"]
[EventType "swiss"]
[EventRounds "9"]
[EventCountry "AUS"]
[Source "lmi"]
[SourceDate "2009.06.20"]

1. e4 e6 2. d4 d5 3. Be3 dxe4 4. Nd2 Nf6 5. f3 Nd5 6. Qe2 Nxe3 7. Qxe3 exf3 8.
Ngxf3 Be7 9. O-O-O Nd7 10. Ne4 Nf6 11. Nxf6+ Bxf6 12. d5 Qe7 13. Bb5+ Kf8 14.
Rhe1 Qb4 15. Qb3 Qxb3 16. axb3 a6 17. Bc4 b5 18. Be2 exd5 19. Rxd5 Be6 20. Rc5
Ra7 21. Bd3 Be7 22. Rce5 Bd6 23. R5e2 g6 24. Nd4 Bd7 25. g3 c5 26. Nf3 Kg7 27.
Ng5 Rc8 28. Rf2 Be8 29. Ne4 Be5 30. c4 Rd8 31. Kc2 Bd4 32. Rfe2 Bc6 33. Ra1 b4
34. Ra5 Bxe4 35. Rxe4 Rd6 36. Ra1 Bxb2 37. Kxb2 Rxd3 38. Kc2 Rad7 39. Re2 Rc3+
40. Kb2 Rdd3 41. Rxa6 Rxb3+ 42. Ka2 Ra3+ 43. Rxa3 Rxa3+ 44. Kb2 Rc3 45. Re4 Kf6
46. Rf4+ Ke6 47. Re4+ Kd6 48. Rf4 f5 49. g4 Ke5 0-1

[Event "Zonal Oceania 2009"]
[Site "Tweed Heads AUS"]
[Date "2009.06.22"]
[Round "5.15"]
[White "Selnes, Hamish"]
[Black "Cheng, Bobby"]
[Result "0-1"]
[WhiteElo "1921"]
[BlackElo "2103"]
[PlyCount "74"]
[EventDate "2009.06.20"]
[EventType "swiss"]
[EventRounds "9"]
[EventCountry "AUS"]
[Source "lmi"]
[SourceDate "2009.06.20"]

1. d4 d5 2. c4 e6 3. Nc3 Bb4 4. a3 Bxc3+ 5. bxc3 Nf6 6. e3 O-O 7. cxd5 exd5 8.
Bd3 c5 9. Ne2 b6 10. O-O Ba6 11. Bxa6 Nxa6 12. Qd3 c4 13. Qc2 b5 14. f3 Re8 15.
Ng3 h5 16. Bd2 h4 17. Nh1 Qe7 18. Nf2 Nc7 19. Rfe1 a5 20. e4 Na6 21. Bg5 Qe6
22. e5 Nd7 23. f4 b4 24. f5 Qb6 25. Rab1 b3 26. Qd2 f6 27. exf6 Nxf6 28. Bxf6
Qxf6 29. Ng4 Qxf5 30. Ne5 Nc7 31. Rf1 Qh5 32. Rf7 Rxe5 33. Rxc7 Qe2 34. Qxe2
Rxe2 35. Rd7 Rae8 36. Kf1 h3 37. gxh3 Rxh2 0-1

[Event "Zonal Oceania 2009"]
[Site "Tweed Heads AUS"]
[Date "2009.06.22"]
[Round "5.16"]
[White "Prasad, Calvin"]
[Black "Stead, Kerry"]
[Result "0-1"]
[WhiteElo "1912"]
[BlackElo "2087"]
[PlyCount "128"]
[EventDate "2009.06.20"]
[EventType "swiss"]
[EventRounds "9"]
[EventCountry "AUS"]
[Source "lmi"]
[SourceDate "2009.06.20"]

1. d4 Nf6 2. Nf3 c5 3. c3 d5 4. e3 Nc6 5. Bd3 Bg4 6. Nbd2 e6 7. O-O Bd6 8. h3
Bf5 9. Qc2 Bxd3 10. Qxd3 O-O 11. a3 e5 12. dxe5 Nxe5 13. Nxe5 Bxe5 14. Nf3 Bc7
15. c4 Qe7 16. cxd5 Rad8 17. e4 Qxe4 18. Qxe4 Nxe4 19. Re1 Rfe8 20. Be3 Rxd5
21. b4 cxb4 22. Bxa7 bxa3 23. Rxa3 Ra5 24. Rxa5 Bxa5 25. Re2 Nd6 26. Rb2 b6 27.
Nd2 Ra8 28. Bxb6 Rb8 29. Bxa5 Rxb2 30. Bc3 Rc2 31. Bb4 Nb5 32. Nf3 f6 33. g4
Rc4 34. Bd2 h6 35. Kg2 Kf7 36. Kg3 Nc3 37. Kg2 Nd5 38. Kg3 Nc3 39. Kg2 Ke6 40.
Bxc3 Rxc3 41. Nd4+ Kf7 42. Nf5 Kg6 43. f3 Rc5 44. Nh4+ Kf7 45. Kg3 g6 46. Ng2
Rc3 47. Nf4 Rc2 48. Ng2 Rd2 49. Nf4 Rd8 50. Ng2 Rg8 51. Ne3 Ke6 52. Kf4 Rc8 53.
Ng2 Rc4+ 54. Kg3 Ke5 55. Nh4 g5 56. Ng2 Kd4 57. Kf2 Rc2+ 58. Kg3 Ra2 59. f4
Ra3+ 60. Kh2 Ke4 61. fxg5 hxg5 62. h4 Kf3 63. Kh3 Kf2+ 64. Kh2 Rg3 0-1

[Event "Zonal Oceania 2009"]
[Site "Tweed Heads AUS"]
[Date "2009.06.22"]
[Round "5.17"]
[White "Brown, Andrew"]
[Black "Lester, George"]
[Result "1-0"]
[WhiteElo "2085"]
[BlackElo "1801"]
[PlyCount "59"]
[EventDate "2009.06.20"]
[EventType "swiss"]
[EventRounds "9"]
[EventCountry "AUS"]
[Source "lmi"]
[SourceDate "2009.06.20"]

1. d4 Nf6 2. c4 g6 3. Nc3 Bg7 4. e4 d6 5. f4 O-O 6. Nf3 c5 7. d5 e6 8. Be2 exd5
9. cxd5 Bg4 10. O-O Nbd7 11. Nd2 Bxe2 12. Qxe2 Re8 13. Qf3 a6 14. a4 Qe7 15. a5
c4 16. b4 cxb3 17. Bb2 Nc5 18. Rae1 Qc7 19. e5 Nfd7 20. Nde4 Nxe4 21. Nxe4 dxe5
22. fxe5 Rf8 23. Nf6+ Kh8 24. Qh3 Bxf6 25. exf6 Rg8 26. Re7 Qc5+ 27. Kh1 Nf8
28. Rxf7 Rd8 29. Rg7 h5 30. Rxg6 1-0

[Event "Zonal Oceania 2009"]
[Site "Tweed Heads AUS"]
[Date "2009.06.22"]
[Round "5.18"]
[White "Grigg, Sam"]
[Black "Chan, Jason"]
[Result "0-1"]
[WhiteElo "1927"]
[BlackElo "2056"]
[PlyCount "56"]
[EventDate "2009.06.20"]
[EventType "swiss"]
[EventRounds "9"]
[EventCountry "AUS"]
[Source "lmi"]
[SourceDate "2009.06.20"]

1. c4 c5 2. Nc3 g6 3. g3 Bg7 4. Bg2 Nc6 5. d3 e6 6. Bd2 b6 7. a3 a5 8. Qc1 Nge7
9. Bh6 O-O 10. h4 Bxh6 11. Qxh6 Nf5 12. Qd2 Bb7 13. g4 Ng7 14. g5 d5 15. cxd5
Nd4 16. Ne4 Nh5 17. Qc3 exd5 18. Nd2 Nf4 19. Kf1 Nxg2 20. Kxg2 Nxe2 21. Qb3 c4
22. Qd1 Nf4+ 23. Kf1 Nxd3 24. Qg4 d4 25. Ngf3 f5 26. Qh3 c3 27. h5 Nf4 28. Qg3
Ba6+ 0-1

[Event "Zonal Oceania 2009"]
[Site "Tweed Heads AUS"]
[Date "2009.06.22"]
[Round "5.19"]
[White "Goundar, Sanmogam"]
[Black "Bennett, Hilton"]
[Result "1-0"]
[WhiteElo "1903"]
[BlackElo "2028"]
[PlyCount "57"]
[EventDate "2009.06.20"]
[EventType "swiss"]
[EventRounds "9"]
[EventCountry "AUS"]
[Source "lmi"]
[SourceDate "2009.06.20"]

1. d4 Nf6 2. c4 e5 3. dxe5 Ng4 4. Nf3 Bc5 5. e3 Nc6 6. Be2 O-O 7. O-O Re8 8.
Nc3 Ngxe5 9. b3 Nxf3+ 10. Bxf3 Ne5 11. Bb2 a5 12. Ne4 Bf8 13. Bh5 Qh4 14. f4
Ng6 15. Bf6 gxf6 16. g3 Qh3 17. Nxf6+ Kh8 18. Nxe8 Bc5 19. Qd3 Qe6 20. Nxc7
Qxe3+ 21. Qxe3 Bxe3+ 22. Kg2 Rb8 23. Rae1 Bc5 24. Re8+ Kg7 25. f5 Nf8 26. f6+
Kg8 27. Rf5 d5 28. Rg5+ Kh8 29. Bxf7 1-0

[Event "Zonal Oceania 2009"]
[Site "Tweed Heads AUS"]
[Date "2009.06.22"]
[Round "5.20"]
[White "Weller, Tony"]
[Black "Jule, Sebastian"]
[Result "0-1"]
[WhiteElo "1987"]
[BlackElo "1847"]
[PlyCount "88"]
[EventDate "2009.06.20"]
[EventType "swiss"]
[EventRounds "9"]
[EventCountry "AUS"]
[Source "lmi"]
[SourceDate "2009.06.20"]

1. d4 Nf6 2. e3 e6 3. Bd3 c5 4. c3 Nc6 5. f4 b6 6. Nf3 Bb7 7. O-O d5 8. Nbd2
Be7 9. Ne5 Qc7 10. Ndf3 h6 11. Nxc6 Bxc6 12. Ne5 c4 13. Bc2 Nd7 14. Qh5 O-O 15.
Nxd7 Bxd7 16. e4 dxe4 17. Bxe4 Bc6 18. Bc2 f5 19. Bd2 Qd6 20. Rae1 Bf6 21. Re3
Rae8 22. Rg3 Kh8 23. Re1 Re7 24. Re2 a5 25. Rge3 b5 26. Qg6 Be8 27. Qg3 Bc6 28.
Qe1 Rfe8 29. Rh3 Rf8 30. Qg3 a4 31. Re3 Be8 32. Bd1 b4 33. Bh5 Bxh5 34. Rxh5 a3
35. bxa3 bxc3 36. Bxc3 Bxd4 37. Bxd4 Qxd4 38. Qe1 c3 39. Rh4 c2 40. Qc1 Qd1+
41. Re1 Rd8 42. Kf2 Rd2+ 43. Ke3 Red7 44. Rxh6+ gxh6 0-1

[Event "Zonal Oceania 2009"]
[Site "Tweed Heads AUS"]
[Date "2009.06.22"]
[Round "5.21"]
[White "Juszczynski, Mathew"]
[Black "Milligan, Helen"]
[Result "1/2-1/2"]
[WhiteElo "1914"]
[BlackElo "1985"]
[PlyCount "104"]
[EventDate "2009.06.20"]
[EventType "swiss"]
[EventRounds "9"]
[EventCountry "AUS"]
[Source "lmi"]
[SourceDate "2009.06.20"]

1. d4 Nf6 2. c4 e6 3. a3 d5 4. Nc3 Be7 5. Bg5 Nbd7 6. cxd5 exd5 7. Nf3 O-O 8.
e3 Re8 9. Bd3 Nf8 10. Qc2 Be6 11. O-O Rc8 12. b4 c6 13. Ne5 N6d7 14. Bxe7 Qxe7
15. Nxd7 Bxd7 16. Na4 b6 17. Ba6 Rc7 18. Rac1 Ne6 19. Rfd1 Ng5 20. Nc3 Ne6 21.
Qb2 Qh4 22. Bf1 Rcc8 23. Qd2 Ng5 24. f3 Re6 25. Qf2 Rg6 26. g3 Nh3+ 27. Bxh3
Qxh3 28. Ne2 Qh6 29. Nf4 Rd6 30. Rc3 Re8 31. Rdc1 Qf6 32. Nd3 Qe6 33. Nf4 Qe7
34. Qd2 h6 35. Kf2 Qg5 36. a4 Qf5 37. a5 g5 38. Nd3 f6 39. axb6 axb6 40. Ra3
Qh3 41. Kg1 h5 42. Qf2 Rde6 43. Ne1 R6e7 44. Rca1 Kg7 45. Ng2 Qf5 46. Qe2 Qg6
47. Kf2 Qf5 48. Ra8 Rxa8 49. Rxa8 Qb1 50. Qe1 Qc2+ 51. Qe2 Qb1 52. Qe1 Qc2+
1/2-1/2

[Event "Zonal Oceania 2009"]
[Site "Tweed Heads AUS"]
[Date "2009.06.22"]
[Round "5.23"]
[White "Jule, Alexandra"]
[Black "Steadman, Michael"]
[Result "0-1"]
[WhiteElo "1928"]
[BlackElo "2262"]
[PlyCount "46"]
[EventDate "2009.06.20"]
[EventType "swiss"]
[EventRounds "9"]
[EventCountry "AUS"]
[Source "lmi"]
[SourceDate "2009.06.20"]

1. d4 f5 2. Nf3 Nf6 3. c4 g6 4. Nc3 Bg7 5. Bf4 d6 6. Qd2 h6 7. h4 e6 8. O-O-O
Qe7 9. Re1 Ne4 10. Nxe4 fxe4 11. Nh2 Qxh4 12. g3 Qf6 13. Be3 h5 14. f3 Nc6 15.
Rd1 exf3 16. Nxf3 e5 17. dxe5 Nxe5 18. Nxe5 Qxe5 19. Bf4 Qe4 20. Rh4 Qxc4+ 21.
Kb1 Be6 22. Qa5 Bf5+ 23. Ka1 Qc2 0-1

[Event "Zonal Oceania 2009"]
[Site "Tweed Heads AUS"]
[Date "2009.06.22"]
[Round "5.24"]
[White "Marcos, Joselito"]
[Black "Jones, Rupert"]
[Result "1-0"]
[WhiteElo "2200"]
[BlackElo "1962"]
[PlyCount "38"]
[EventDate "2009.06.20"]
[EventType "swiss"]
[EventRounds "9"]
[EventCountry "AUS"]
[Source "lmi"]
[SourceDate "2009.06.20"]

1. Nf3 Nf6 2. d4 e6 3. Bg5 Be7 4. e3 d5 5. Bd3 Nbd7 6. O-O c6 7. Nbd2 a6 8. c3
O-O 9. Ne5 h6 10. Bh4 Nxe5 11. dxe5 Nd7 12. Bxe7 Qxe7 13. f4 Nc5 14. Bc2 f6 15.
b4 Nd7 16. Nf3 f5 17. Qd3 g5 18. g3 Rf7 19. Rab1 Nf8 1-0